Acta de la sesión inaugural celebrada por el Ateneo Catalán en 2 de diciembre de 1864. (Record no. 54056)

MARC details
000 -LEADER
campo de control de longitud fija 00694nam a2200193 i 4500
001 - NÚMERO DE CONTROL
campo de control 54056
003 - IDENTIFICADOR DE NÚMERO DE CONTROL
campo de control ES-MaACL
005 - FECHA Y HORA DE LA ÚLTIMA TRANSACCIÓN
campo de control 20230906162904.0
007 - CAMPO FIJO DE DESCRIPCIÓN FÍSICA--INFORMACIÓN GENERAL
campo de control de longitud fija t|
008 - DATOS DE LONGITUD FIJA--INFORMACIÓN GENERAL
campo de control de longitud fija 031124s1865 sp ||||1| spa d
110 2# - ENTRADA PRINCIPAL--NOMBRE DE ENTIDAD CORPORATIVA
Nombre de entidad corporativa o nombre de jurisdicción como elemento de entrada Ateneo Catalán.
9 (RLIN) 1844
245 10 - MENCIÓN DEL TÍTULO
Título Acta de la sesión inaugural celebrada por el Ateneo Catalán en 2 de diciembre de 1864.
260 ## - PUBLICACIÓN, DISTRIBUCIÓN, ETC.
Lugar de publicación, distribución, etc. Barcelona :
Nombre del editor, distribuidor, etc. [s.n.],
Fecha de publicación, distribución, etc. 1865 (
Fabricante Narciso Ramirez y Rialp)
300 ## - DESCRIPCIÓN FÍSICA
Extensión 61 p. ;
Dimensiones 24 cm.
505 8# - NOTA DE CONTENIDO CON FORMATO
Nota de contenido con formato Contiene: Discurso de D. Pablo Valls, presidente del Ateneo . Catálogo de las obras que posee el Ateneo Catalán
610 24 - PUNTO DE ACCESO ADICIONAL DE MATERIA--NOMBRE DE ENTIDAD CORPORATIVA
Nombre de entidad corporativa o nombre de jurisdicción como elemento de entrada Ateneo Catalán-
Subdivisión de forma Actas.
9 (RLIN) 170649
700 1# - ENTRADA AGREGADA--NOMBRE PERSONAL
Nombre de persona Valls, Pablo.
9 (RLIN) 112935
852 4# - LOCALIZACIÓN
Ubicación ES-MaACL
Número de control de estantería T-61-F-11
Holdings
Estatus retirado Estado de pérdida Estado de daño No para préstamo Colección Biblioteca de origen Biblioteca actual Ubicación en estantería Fecha de adquisición Fuente de adquisición Total de préstamos Signatura topográfica completa Código de barras Visto por última vez Precio de reemplazo Tipo de ítem Koha
        Colección de folletos Biblioteca del Ateneo de Madrid Biblioteca del Ateneo de Madrid Depósito folletos 17/01/2008     T-61-F-11 1056811 23/02/2023 23/02/2023 Folleto